Southville International School and Colleges
Your cart is empty.
  • Cart
  • Lists
    Public lists Eva Luna New books Lux_list list_1
    Your lists Log in to create your own lists
  • Log in to your account
  • Your cookies
  • Search history
Southville International School and Colleges
  • Advanced search
  • Recent comments
  • Most popular
  • Libraries

Log in to your account

Log in with GOOGLE


If you do not have an external account, but do have a local account, you can still log in:

  1. Home
  2. MARC view: The SAS guide to teaching.
Normal view MARC view ISBD view

The SAS guide to teaching. (Record no. 22680)

[ view plain ]
MARC details
000 -LEADER
fixed length control field 00450nam a2200169 a 4500
005 - DATE AND TIME OF LATEST TRANSACTION
control field 20140310183428.0
008 - FIXED-LENGTH DATA ELEMENTS--GENERAL INFORMATION
fixed length control field 071219s19uu xx uuu eng d
020 ## - INTERNATIONAL STANDARD BOOK NUMBER
International Standard Book Number 0-8264-9087-5
050 ## - LIBRARY OF CONGRESS CALL NUMBER
Classification number LB 1025.3
Item number .C385 2006
100 ## - MAIN ENTRY--PERSONAL NAME
Personal name Carline, Brian
245 ## - TITLE STATEMENT
Title The SAS guide to teaching.
Statement of responsibility, etc Brian Carline
260 ## - PUBLICATION, DISTRIBUTION, ETC. (IMPRINT)
Place of publication, distribution, etc London :
Name of publisher, distributor, etc Continuum,
Date of publication, distribution, etc 2006.
300 ## - PHYSICAL DESCRIPTION
Extent 147 p. :
Dimensions 20 cm.
650 ## - SUBJECT ADDED ENTRY--TOPICAL TERM
Topical term or geographic name as entry element Teaching.
942 ## - ADDED ENTRY ELEMENTS (KOHA)
Koha item type Books
Source of classification or shelving scheme Library of Congress Classification
Call number prefix Foreign
Holdings
Withdrawn status Lost status Source of classification or shelving scheme Damaged status Home library Current library Shelving location Date acquired Source of acquisition Total Checkouts Full call number Barcode Date last seen Copy number Price effective from Koha item type
    Library of Congress Classification   College Library College Library General Circulation Section 07/28/2010 Donation   LB 1025.3 .C385 2006 C8879 05/15/2018 1 03/10/2014 Books

The SAS guide to teaching.

APA

Carline B., . (2006). The SAS guide to teaching. London: Continuum.

Chicago

Carline Brian, . 2006. The SAS guide to teaching. London: Continuum.

Harvard

Carline B., . (2006). The SAS guide to teaching. London: Continuum.

MLA

Carline Brian, . The SAS guide to teaching. London: Continuum. 2006.

  • Place hold
  • Print
  • Cite
  • Add to your cart (remove)
  • Save record
    BIBTEX Dublin Core MARCXML MARC (non-Unicode/MARC-8) MARC (Unicode/UTF-8) MARC (Unicode/UTF-8, Standard) MODS (XML) RIS
  • More searches
    Search for this title in:
    Other Libraries (WorldCat) Other Databases (Google Scholar) Online Stores (Bookfinder.com) Open Library (openlibrary.org)

Exporting to Dublin Core...

SOUTHVILLE LIBRARY

Southville International School and Colleges Library

1281 Tropical Ave. Cor. Luxembourg St., BF Homes International, Las Pinas City

Tel. No. 8256374 / 252358 Loc. 117/146

Powered by Koha